000 01197nam a2200277 i 4500
001 11637
003 ES-MaACL
005 20250808062710.0
007 t|
008 960731s1994 sp |||| | spa d
020 _a84-7914-134-4
100 0 _aAgustín
_cSanto, Obispo de Hipona.
_9125563
245 1 0 _aObras completas de San Agustín.
_nXXXIV,
_pEscritos antidonatistas (3º) /
_cintroducciones, bibliografía y notas de Pedro Langa ; traducción de Santos Santamarta ; índices de Pío de Luis.
250 _aEd. bilingüe.
260 _aMadrid :
_bBiblioteca de Autores Cristianos,
_c1994.
300 _aXVII, 897 p. ;
_c20 cm.
490 1 _aBiblioteca de autores cristianos ;
_v541
505 8 _aContiene: Carta a los católicos sobre la secta donatista (La unidad de la Iglesia).- Réplica al gramático Cresconio, donatista.- Actas del debate con el donatista Emérito.- Réplica a Gaudencio, obispo donatista
650 4 _aDonatistas.
_9168706
700 1 _aLanga, Pedro.
_970007
700 1 _aSantamarta, Santos.
_9103321
700 1 _aLuis, Pío de.
_974684
830 0 0 _aBiblioteca de autores cristianos
_v541
_9178679
852 _aES-MaACL
_jJ-528
999 _c11637
_d11637